[Event "AUTO-OPEN-4113"]
[Site "http://www.queenalice.com/game.php?id=1590604"]
[Date "2019.11.18"]
[Round "1"]
[White "italomachado"]
[Black "AsterixTwin"]
[Result "0-1"]
[WhiteElo "1498"]
[BlackElo "2470"]

1. e4 c5 2. Bc4 e6 3. e5 Nc6 4. Qe2 d6 5. exd6 Qxd6 6. Nc3 Nf6 7. Nb5 Qd8 8. d3
a6 9. Nc3 b5 10. Bd5 Nxd5 11. Ne4 Be7 12. h4 O-O 13. h5 h6 14. Qg4 f5 15. Qg6
fxe4 16. Bxh6 Bf6 17. Bd2 Qe8 18. Qg3 exd3 19. h6 Qe7 20. h7+ Kh8 21. Bc3 Nxc3
22. bxc3 Bxc3+ 23. Kd1 dxc2+ 24. Kxc2 Bxa1 25. Nh3 Be5 26. Qg4 Qf6 27. Ng5 Qxf2+
28. Kc1 Qb2+ 29. Kd1 Qb1+ 30. Ke2 Qc2+ 31. Ke1 Bc3# 0-1

[Event "Challenge"]
[Site "http://www.queenalice.com/game.php?id=1591581"]
[Date "2019.11.29"]
[Round "-"]
[White "italomachado"]
[Black "dejami"]
[Result "0-1"]
[WhiteElo "1480"]
[BlackElo "1658"]

1. e4 e5 2. h4 Bc5 3. Nh3 d6 4. d3 h6 5. g4 g6 6. f4 Nf6 7. g5 hxg5 8. Nxg5 Bg4
9. Be2 Bd7 10. c3 Nc6 11. Qb3 Rf8 12. h5 Bb6 13. h6 Be6 14. c4 Nd4 15. Qa4+ c6
16. h7 Rh8 17. f5 gxf5 18. Bh5 f4 19. c5 Bxc5 20. Qd1 Nd7 21. b3 Qxg5 22. Bb2
Qg2 23. Rf1 Nc2+ 24. Qxc2 Qxc2 25. Na3 Bb4+ 26. Bc3 Bxc3# 0-1

[Event "Challenge"]
[Site "http://www.queenalice.com/game.php?id=1591582"]
[Date "2019.11.29"]
[Round "-"]
[White "dejami"]
[Black "italomachado"]
[Result "0-1"]
[WhiteElo "1666"]
[BlackElo "1456"]

1. e4 e5 2. Bc4 c6 3. Qf3 d5 4. exd5 cxd5 5. Bxd5 Nh6 6. d4 Bg4 7. Qb3 exd4 8.
Bxh6 Qe7+ 9. Kf1 gxh6 10. Bxb7 Be6 11. Bd5 a5 12. Qf3 Ra7 13. Qf4 Nd7 14. Bc6
Bc4+ 15. Ne2 Qxe2+ 0-1

[Event "Challenge"]
[Site "http://www.queenalice.com/game.php?id=1592035"]
[Date "2019.12.4"]
[Round "-"]
[White "italomachado"]
[Black "dejami"]
[Result "0-1"]
[WhiteElo "1522"]
[BlackElo "1721"]

1. e4 e5 2. d4 Qf6 3. h4 exd4 4. Bc4 Bc5 5. Bg5 Qb6 6. Qf3 f6 7. b3 Nc6 8. Qg3
Ne5 9. Be2 Bd6 10. Bh5+ g6 11. Be2 fxg5 12. Qxg5 Nf7 13. Qg4 Bb4+ 14. Kf1 d5 15.
Qf4 Bd6 16. Qc1 dxe4 17. a4 c6 18. Nd2 Bf4 19. Qe1 Bf5 20. Nc4 Qd8 21. g3 Bc7
22. f3 e3 23. Rc1 a6 24. g4 Be6 25. Nb2 c5 26. Nd3 Nd6 27. c3 Nf6 28. Nxc5 Bd5
29. cxd4 Rf8 30. Bc4 Bxc4+ 31. bxc4 Qe7 32. Rh2 O-O-O 33. Re2 Rfe8 34. Rc3 Qf7
35. Qg3 Nxc4 36. Qh3 Nd6 37. g5+ Nd7 38. Nb3 Nf5 39. Qh2 Kb8 40. Qxc7+ Ka7 41.
Nc5 Rb8 42. Rb3 Qd5 43. Rbb2 Nxc5 44. dxc5 Rec8 45. Qb6+ Ka8 46. Rec2 Rc6 47.
Qb4 Qd1+ 48. Kg2 Qd5 49. Ne2 Qe5 50. f4 Qd5+ 51. Kh3 Qf3+ 52. Kh2 Ne7 53. Nd4
Qxf4+ 54. Kg2 Qg4+ 55. Kf1 Rf8+ 56. Ke1 Qg1+ 57. Ke2 Rf2+ 58. Kd3 Qd1+ 59. Kc3
Nd5+ 60. Kc4 Nxb4 61. Rxb4 Rxc2+ 62. Kd5 R2xc5+ 63. Ke4 Qg4+ 64. Kd3 Rc3# 0-1

[Event "Challenge"]
[Site "http://www.queenalice.com/game.php?id=1592036"]
[Date "2019.12.4"]
[Round "-"]
[White "dejami"]
[Black "italomachado"]
[Result "1-0"]
[WhiteElo "1688"]
[BlackElo "1510"]

1. e4 e5 2. Bc4 Qf6 3. d3 Bc5 4. Be3 Bb4+ 5. c3 Bf8 6. Nh3 h6 7. Qg4 Nc6 8. Qd1
d6 9. Ng1 h5 10. Nf3 h4 11. Bg5 Qg6 12. Kf1 h3 13. g3 Bg4 14. Nbd2 f6 15. Be3
O-O-O 16. Qb3 Na5 17. Qb4 b6 18. Qb5 Kb8 19. Qa6 Bc8 20. Qb5 d5 21. b4 a6 22.
Qa4 Bd7 23. Qc2 Nc6 24. exd5 Nce7 25. a4 Bg4 26. Bxa6 Qh5 27. Ng1 Rxd5 28. c4
Rd7 29. b5 Bf5 30. Ra3 Ng6 31. c5 bxc5 32. Nc4 e4 33. b6 cxb6 34. Nxb6 exd3 35.
Nxd7+ Kc7 36. Rxd3 Bxd7 37. Rxd7+ Kxd7 38. Be2 Qd5 39. Bf3 Qe6 40. Qxg6 Qa2 41.
Bg4+ Kc6 42. Qe8+ Kb6 43. Qb5+ Kc7 44. Bf4+ Kd8 45. Qd7# 1-0

[Event "Challenge"]
[Site "http://www.queenalice.com/game.php?id=1593000"]
[Date "2019.12.14"]
[Round "-"]
[White "italomachado"]
[Black "EdBrazil"]
[Result "1-0"]
[WhiteElo "1501"]
[BlackElo "1634"]

1. e4 e5 2. Qf3 Nf6 3. Bc4 Bc5 4. Qb3 O-O 5. Be2 Nxe4 6. Nf3 Qe8 7. Qd3 Nxf2 8.
Qc4 Nxh1 9. Qxc5 e4 10. Ng5 e3 11. Qxe3 Qe7 12. Qxe7 f6 13. Bc4+ Kh8 14. Qxf8#
1-0

[Event "Challenge"]
[Site "http://www.queenalice.com/game.php?id=1593678"]
[Date "2019.12.20"]
[Round "-"]
[White "recchdegomm1"]
[Black "italomachado"]
[Result "1-0"]
[WhiteElo "1386"]
[BlackElo "1514"]

1. d4 e6 2. Nf3 b6 3. e4 Bb7 4. Nc3 Bb4 5. a3 Bxc3+ 6. bxc3 Bxe4 7. Ng5 Bc6 8.
h4 Nf6 9. Rh2 Nd5 10. Qf3 Nb4 11. Qxf7# 1-0

[Event "Challenge"]
[Site "http://www.queenalice.com/game.php?id=1593781"]
[Date "2019.12.22"]
[Round "-"]
[White "recchdegomm1"]
[Black "italomachado"]
[Result "0-1"]
[WhiteElo "1392"]
[BlackElo "1493"]

1. e4 e5 2. Nf3 Qf6 3. d4 exd4 4. c3 dxc3 5. Qd4 c2 6. Bg5 Bb4+ 7. Nbd2 Qc6 8.
Bc4 Qa4 9. Qe5+ Kf8 10. Qxc7 Nc6 11. Qf4 d5 12. Bxd5 f6 13. Bb3 Qa5 14. Bxc2 h6
15. Nh4 hxg5 16. Ng6+ Ke8 17. Nxh8 gxf4 18. Rd1 Nd4 19. Bb1 Qa6 20. Rc1 Qe2# 0-1

[Event "Challenge"]
[Site "http://www.queenalice.com/game.php?id=1594109"]
[Date "2019.12.25"]
[Round "-"]
[White "recchdegomm1"]
[Black "italomachado"]
[Result "1-0"]
[WhiteElo "1371"]
[BlackElo "1522"]

1. e4 e5 2. Nf3 Nc6 3. Bc4 Qf6 4. d3 h6 5. b3 Bb4+ 6. Bd2 a5 7. c3 Bc5 8. a4 Qg6
9. g3 Nf6 10. Na3 Ng4 11. d4 Qxe4+ 12. Qe2 Qf5 13. dxc5 O-O 14. Bd3 Qf6 15. Qe4
d6 16. Qh7# 1-0

[Event "Challenge"]
[Site "http://www.queenalice.com/game.php?id=1594170"]
[Date "2019.12.25"]
[Round "-"]
[White "cristal_negro"]
[Black "italomachado"]
[Result "1-0"]
[WhiteElo "1866"]
[BlackElo "1505"]

1. e4 e5 2. Nf3 c6 3. d3 Bb4+ 4. c3 Bc5 5. Bg5 Qb6 6. Bh4 Qxb2 7. Nbd2 Qxc3 8.
Be2 Qa5 9. O-O Qc7 10. Nc4 d5 11. exd5 cxd5 12. Ncxe5 Bd6 13. Rc1 Qb6 14. Rxc8+
Qd8 15. Rxd8# 1-0

[Event "Challenge"]
[Site "http://www.queenalice.com/game.php?id=1594323"]
[Date "2019.12.27"]
[Round "-"]
[White "italomachado"]
[Black "cristal_negro"]
[Result "0-1"]
[WhiteElo "1500"]
[BlackElo "1885"]

1. e4 e5 2. Qf3 Nf6 3. d4 d6 4. Bc4 Bg4 5. Qb3 Bh5 6. Bg5 Be7 7. Bb5+ c6 8. dxe5
dxe5 9. Na3 O-O 10. Be2 Bg6 11. h4 h5 12. Rd1 Qc7 13. g4 Nbd7 14. gxh5 Nc5 15.
Qg3 Nxh5 16. Bxh5 Bxh5 17. Bh6 Bf6 18. Bg5 Nxe4 19. Qg2 Bxd1 20. Bxf6 Nxf6 21.
Kxd1 Rad8+ 22. Ke2 Nh5 23. Qg5 Nf4+ 24. Kf3 Qd6 25. h5 Qd5+ 26. Kg3 Qxh1 27. Kg4
Qxg1+ 28. Kf5 Qxg5+ 29. Kxg5 Kh7 30. Nc4 f6+ 31. Kf5 Nxh5 32. b4 g6+ 33. Kg4
Rd4+ 34. Kf3 Rxc4 35. a4 Rf4+ 36. Ke3 Rd8 37. f3 Rdd4 38. c3 Rc4 39. Kd3 a6 40.
a5 c5 41. bxc5 Rxc5 42. Kc2 Rxf3 43. Kb3 Rfxc3+ 44. Kb4 R5c4# 0-1

[Event "Challenge"]
[Site "http://www.queenalice.com/game.php?id=1594719"]
[Date "2019.12.31"]
[Round "-"]
[White "recchdegomm1"]
[Black "italomachado"]
[Result "1-0"]
[WhiteElo "1407"]
[BlackElo "1517"]

1. e4 e5 2. Nf3 Qe7 3. Nc3 Qf6 4. d4 exd4 5. Nxd4 Bc5 6. Be3 g5 7. Qd2 g4 8. Nd5
Qd8 9. b4 Be7 10. Qc3 c6 11. Nxe7 Qxe7 12. Nf5 Qf6 13. Bd4 Qe6 14. Ng7+ Kd8 15.
Nxe6+ fxe6 16. Bxh8 d6 17. h3 e5 18. hxg4 Bxg4 19. f3 Be6 20. Rd1 d5 21. Bxe5
Nd7 22. Bd6 Nb6 23. Qa3 Nc4 24. Qc1 Nb6 25. g4 Nc4 26. Qg5+ Kd7 27. e5 b6 28.
Rxh7+ Ke8 29. Rd4 Nb2 30. Qg6+ Kd8 31. Ba6 c5 32. Rf4 Nd3+ 33. cxd3 Bd7 34.
Qxg8+ Be8 35. Bc7# 1-0

[Event "Challenge"]
[Site "http://www.queenalice.com/game.php?id=1595889"]
[Date "2020.1.10"]
[Round "-"]
[White "recchdegomm1"]
[Black "italomachado"]
[Result "0-1"]
[WhiteElo "1437"]
[BlackElo "1508"]

1. e4 e5 2. Nf3 Nf6 3. Nc3 Bc5 4. Bc4 Nc6 5. a3 O-O 6. O-O d6 7. b4 Bd4 8. Nxd4
exd4 9. Nd5 Ng4 10. f3 Nge5 11. c3 dxc3 12. dxc3 Nxc4 13. Qe2 b5 14. a4 bxa4 15.
Qxc4 Ne5 16. Qd4 c6 17. Nf4 Qg5 18. Qxd6 Ba6 19. Ne2 Bxe2 20. Bxg5 f6 21. Rfe1
Nf7 22. Qxc6 Rac8 23. Qxa4 Bc4 24. Qxa7 fxg5 25. e5 Ra8 26. Qc5 Rac8 27. Qa5 h5
28. e6 Nd6 29. Qb6 Nf5 30. g4 Nh4 31. Kh1 Bd5 32. h3 Bxf3+ 33. Kg1 hxg4 34. hxg4
Bxg4 35. Kh1 Bf3+ 36. Kh2 Rxc3 37. Rac1 Rd3 38. Rc2 Bd1 39. e7 Nf3+ 40. Kh3
Nxe1+ 41. Kh2 Nf3+ 42. Kh3 Ne1+ 43. Kh2 Nf3+ 44. Kg2 Nh4+ 45. Kh2 Re8 46. Rc7 g4
47. Kh1 g3 48. Kg1 Rd2 49. Qb5 Bh5 50. Qc4+ Bf7 51. Qxh4 Ra8 52. Qxg3 Ra1+ 53.
Qe1 Rxe1# 0-1

[Event "Challenge"]
[Site "http://www.queenalice.com/game.php?id=1596394"]
[Date "2020.1.15"]
[Round "-"]
[White "recchdegomm1"]
[Black "italomachado"]
[Result "0-1"]
[WhiteElo "1424"]
[BlackElo "1521"]

1. e4 e5 2. Nf3 Nc6 3. Bc4 Na5 4. Nc3 Nxc4 5. b3 Nd6 6. d3 Nf6 7. Ba3 Be7 8. O-O
O-O 9. Re1 Nde8 10. Bxe7 Qxe7 11. a3 d6 12. d4 Bg4 13. dxe5 dxe5 14. Nd5 Nxd5
15. Qxd5 Bxf3 16. g3 Qg5 17. Qxb7 Nd6 18. Qxc7 Nxe4 19. Re3 Rac8 20. Qd7 Rxc2
21. Rxf3 Nxf2 22. h4 Qh6 23. Re1 Nh3+ 24. Qxh3 e4 25. Rf4 e3 26. Qh2 Rxh2 27.
Kxh2 Re8 28. Ra4 Qf6 29. Rf4 Qb2+ 30. Kh3 Qd2 31. Ref1 e2 32. R1f3 e1=Q 33. Rxf7
Qh1+ 34. Kg4 Qd4+ 35. R3f4 Qhd1+ 36. Kh3 Qh1+ 37. Kg4 Qdd1+ 38. Kg5 Qhg1 39. b4
Qxg3+ 40. Kf5 Qh5# 0-1

[Event "AUTO-OPEN-4136"]
[Site "http://www.queenalice.com/game.php?id=1599302"]
[Date "2020.2.13"]
[Round "1"]
[White "ratorei"]
[Black "italomachado"]
[Result "1-0"]
[WhiteElo "2146"]
[BlackElo "1531"]

1. d4 e5 2. dxe5 Qe7 3. Nf3 h6 4. e4 Qb4+ 5. Nc3 Bc5 6. Bd3 d5 7. exd5 Ne7 8.
O-O Bd4 9. Nb5 c5 10. Nc7+ Kf8 11. c3 Qa5 12. cxd4 Qxc7 13. d6 Qd7 14. dxe7+
Qxe7 15. d5 f6 16. Nh4 Ke8 17. exf6 Qxf6 18. Re1+ Kd8 19. Ng6 Rg8 20. Be3 Bf5
21. Bxf5 Qxf5 22. Ne7 Kxe7 23. Bxc5+ Kf7 24. Re3 Nd7 25. Rf3 Qf6 26. Rxf6+ gxf6
27. Qh5+ Rg6 28. d6 b6 29. Qd5+ Kg7 30. Qxa8 bxc5 31. Qxa7 h5 32. Re1 Kh6 33.
Qxd7 h4 34. Re4 h3 35. Rh4+ Kg5 36. Qg4# 1-0

[Event "AUTO-OPEN-4136"]
[Site "http://www.queenalice.com/game.php?id=1599303"]
[Date "2020.2.13"]
[Round "1"]
[White "italomachado"]
[Black "ratorei"]
[Result "0-1"]
[WhiteElo "1533"]
[BlackElo "2135"]

1. e4 c5 2. d3 e6 3. e5 d5 4. h4 Nc6 5. Qe2 Nge7 6. Bg5 Qc7 7. Nf3 Nf5 8. Be3
Nxe3 9. Qxe3 b5 10. Nc3 a6 11. h5 d4 12. Qd2 dxc3 13. Qxc3 b4 14. Qd2 Nxe5 15.
O-O-O Bd6 16. h6 g6 17. Re1 Nxf3 18. gxf3 Bf4 19. Re3 Bb7 20. Kb1 Bxe3 21. Qxe3
O-O-O 22. Rh4 a5 23. Rc4 Rd5 24. f4 Rhd8 25. Bg2 Rh5 26. f5 Bxg2 27. fxe6 Rh1+
28. Qc1 Rxc1+ 29. Kxc1 Qe5 30. exf7 Qe1# 0-1

[Event "AUTO-OPEN-4136"]
[Site "http://www.queenalice.com/game.php?id=1599344"]
[Date "2020.2.13"]
[Round "1"]
[White "agilulfo"]
[Black "italomachado"]
[Result "0-1"]
[WhiteElo "1696"]
[BlackElo "1611"]

1. d4 f5 2. f4 e6 3. Nc3 Bb4 4. Bd2 a6 5. a3 Bd6 6. e3 Nf6 7. Nh3 Nh5 8. Qxh5+
g6 9. Qh6 Bf8 10. Qg5 Be7 11. Qg3 Bh4 12. Qxh4 Qxh4+ 13. g3 Qe7 14. O-O-O b5 15.
Bg2 c6 16. Bf3 b4 17. axb4 Qxb4 18. Nd5 Qb7 19. Nc3 d5 0-1

[Event "AUTO-OPEN-4136"]
[Site "http://www.queenalice.com/game.php?id=1599345"]
[Date "2020.2.13"]
[Round "1"]
[White "italomachado"]
[Black "agilulfo"]
[Result "1-0"]
[WhiteElo "1582"]
[BlackElo "1908"]

1. e4 c5 2. d4 cxd4 3. Qxd4 Nc6 4. Qe3 d6 5. Nc3 Nf6 6. Bd2 g6 7. Bc4 Bg7 8. Qf4
Nd4 9. O-O-O O-O 10. g4 Bxg4 11. Re1 a6 12. h3 Bd7 13. Qh4 Qc7 14. Bd3 e6 15. f4
Bc6 16. Be3 Nb5 17. e5 dxe5 18. fxe5 Qxe5 19. Bg5 Qd4 20. Qg3 Bxh1 21. Nge2 Qd7
22. Rxh1 Nxc3 23. Nxc3 b5 24. Rd1 1-0

[Event "Challenge"]
[Site "http://www.queenalice.com/game.php?id=1601053"]
[Date "2020.2.28"]
[Round "-"]
[White "italomachado"]
[Black "OzzyOzPawn"]
[Result "0-1"]
[WhiteElo "1575"]
[BlackElo "1908"]

1. e4 e5 2. Qf3 Nc6 3. Bc4 Qf6 4. Qe2 Nd4 5. Qd1 Bc5 6. c3 Nc2+ 7. Qxc2 Qxf2+ 8.
Kd1 Qxg2 9. Qb3 Qxh1 10. Bxf7+ Kf8 11. Bh5 Qxg1+ 12. Kc2 g6 13. Be2 Qxh2 14. Qc4
d6 15. d4 exd4 16. cxd4 Bxd4 17. a4 Qe5 18. Bd3 Qc5 19. Ra3 Qxc4+ 20. Bxc4 Bg4
21. Rg3 h5 22. b4 Nf6 23. Nd2 Re8 24. Bd3 h4 25. Rg2 h3 26. Rh2 Be5 27. Rf2 h2
28. Rxh2 Rxh2 29. Ba3 d5 30. b5+ Bd6 31. e5 Rxe5 32. Bb2 Re6 33. Bxg6 Ne4 34.
Bxe4 Rxe4 35. Kc3 Be5+ 36. Kb3 Rxd2 37. Ba3+ Bd6 38. Bxd6+ cxd6 39. a5 Re3+ 40.
Kb4 Rd4# 0-1

[Event "AUTO-INT-3479"]
[Site "http://www.queenalice.com/game.php?id=1607868"]
[Date "2020.4.16"]
[Round "2"]
[White "italomachado"]
[Black "ECC2020"]
[Result "0-1"]
[WhiteElo "1628"]
[BlackElo "2156"]

1. e4 c5 2. Bc4 e6 3. e5 Nc6 4. Nf3 f6 5. d3 fxe5 6. Bg5 Be7 7. h4 h6 8. Be3 Nf6
9. h5 d5 10. Bb5 Bd6 11. c3 O-O 12. Nh4 Ne7 13. Rh3 Qb6 14. Na3 a6 15. Ba4 Qxb2
16. Qc1 Qxc1+ 17. Bxc1 Nxh5 18. g4 Nf6 19. Bd2 Nxg4 20. f3 Nf6 21. O-O-O c4 22.
dxc4 Bxa3+ 23. Kc2 e4 24. Kb3 Bd6 25. cxd5 exd5 26. Rg1 Bxh3 27. Bxh6 Nh5 28.
fxe4 b5 29. Rg5 bxa4+ 30. Kxa4 Bd7+ 31. Kb3 Rab8+ 32. Kc2 Rf2+ 33. Kd3 Nf4+ 34.
Ke3 Bc5# 0-1

[Event "AUTO-INT-3479"]
[Site "http://www.queenalice.com/game.php?id=1607869"]
[Date "2020.4.16"]
[Round "2"]
[White "ECC2020"]
[Black "italomachado"]
[Result "1-0"]
[WhiteElo "2154"]
[BlackElo "1630"]

1. d4 e6 2. Nc3 Qf6 3. e4 c5 4. d5 c4 5. Bxc4 Bc5 6. Nf3 exd5 7. Bg5 Qb6 8. Qxd5
Bxf2+ 9. Kf1 f6 10. Qf7+ Kd8 11. Qf8+ Kc7 12. Nd5+ Kc6 13. Qxc8+ Kd6 14. Bf4+
Ke6 15. Nc7+ Ke7 16. Qe8# 1-0

[Event "AUTO-INT-3479"]
[Site "http://www.queenalice.com/game.php?id=1607870"]
[Date "2020.4.16"]
[Round "2"]
[White "italomachado"]
[Black "Walter"]
[Result "0-1"]
[WhiteElo "1642"]
[BlackElo "1538"]

1. e4 e5 2. Qh5 Nc6 3. Bc4 g6 4. Qf3 Qf6 5. Qe2 Nd4 6. Qd3 Bc5 7. c3 Ne6 8. Nh3
Nf4 9. Qg3 Nxh3 10. f3 Bf2+ 11. Qxf2 Nxf2 12. Kxf2 Ne7 13. h4 Qb6+ 14. Ke1 O-O
15. Be2 d5 16. Na3 dxe4 17. fxe4 a6 18. g4 Qc6 19. d3 b5 20. h5 gxh5 21. Rxh5
Qc5 22. Bh6 Re8 23. Rg5+ Ng6 24. Rc1 Qg1+ 25. Kd2 Qh2 26. Rh5 Qf2 27. Be3 Qf6
28. Rf1 Qd6 29. c4 Qb4+ 30. Kc1 Bd7 31. Bd2 Qe7 32. Bg5 Qc5 33. Rfh1 f6 34. Bxf6
Bxg4 35. Bxg4 Qe3+ 36. Kc2 Qf2+ 37. Kb1 Qxf6 38. Rf5 Qd6 39. Be2 Rf8 40. Rfh5
Rf7 41. Nc2 Qf6 42. Ne3 Qf2 43. Ng4 Qxe2 44. Nh6+ Kg7 45. Nxf7 Qxd3+ 46. Ka1
Kxf7 47. R5h3 Qxe4 48. Rf1+ Kg7 49. c5 Rf8 50. Rfh1 Rh8 51. Rg1 Rf8 52. Rd1 Qc2
53. Rd7+ Rf7 54. Rc3 Qf2 55. Rd1 e4 56. a3 e3 57. Rb1 e2 58. Rcc1 Re7 59. Re1
Nf4 60. Rg1+ Qxg1 61. Rxg1+ Kf7 62. Ka2 e1=Q 63. Rxe1 Rxe1 64. Kb3 Re4 65. c6
Rc4 66. Ka2 h5 67. b3 Rc2+ 68. Kb1 Re2 69. b4 h4 70. Kc1 h3 71. a4 h2 72. axb5
h1=Q# 0-1

[Event "AUTO-INT-3479"]
[Site "http://www.queenalice.com/game.php?id=1607871"]
[Date "2020.4.16"]
[Round "2"]
[White "Walter"]
[Black "italomachado"]
[Result "0-1"]
[WhiteElo "1623"]
[BlackElo "1626"]

1. e4 e5 2. Nf3 Qe7 3. Bc4 d6 4. O-O Qf6 5. h3 Qg6 6. g4 h5 7. Nh4 Qf6 8. Qf3
hxg4 9. Qxf6 Nxf6 10. Nf5 gxh3 11. d3 g6 12. Ng3 Bg4 13. Kh2 d5 14. Bxd5 c6 15.
Bb3 Be7 16. Be3 Na6 17. f3 O-O-O 18. fxg4 Nxg4+ 19. Kh1 Nxe3 20. Rxf7 Rdf8 21.
Rxe7 Rf1+ 22. Nxf1 Nxf1 23. Rxe5 h2 24. Rg5 Rh3 25. Nc3 Rf3 26. Ne2 Nc5 27. Rxg6
Kc7 28. d4 Nxe4 29. Rh6 Nf2+ 30. Kg2 Nh3 31. Kxf3 h1=Q+ 32. Kg4 Qg2+ 33. Kf5
Qg5+ 0-1